Statistics for Fulham Trivia

Click here to take the quiz!

General Stats

  • This quiz has been taken 381 times
  • The average score is 10 of 19

Answer Stats

QuestionAnswer% Correct
Chelsea
89%
What is the name of Fulham's current stadium?Craven Cottage
89%
With which three clubs does Fulham contest the West London Derby?Brentford
82%
Who is the current head coach of Fulham?Marco Silva
80%
What is Fulham's nickname?The {Cottagers}
79%
Queens Park Rangers
76%
In 2011, the above unveiled a statue of which legendary American singer outside the Fulham ground, much to the bemusement of fans worldwide?Michael Jackson
62%
Roy Hodgson
59%
In 2010, Fulham reached their only European final to date, losing 2-1 in the Europa League Final to which club?Atlético Madrid
56%
Which international restaurant chain was Fulham's shirt sponsor for the 2001-02 season?Pizza Hut
49%
What is the name of the Egyptian businessman, who bought Fulham for £6.25m in 1997, taking them from the third tier to the Premier League within four years?Mohamed Al-Fayed
47%
Who is Fulham's record signing, arriving from Marseille for £22.8m in 2018?André-Frank Zambo Anguissa
36%
Which Englishman holds the record for most Fulham appearances with 658?Johnny Haynes
33%
What is the name of Fulham's mascot?Billy the Badger
32%
Who was the only Fulham player in England's 1966 FIFA World Cup-winning squad?George Cohen
27%
Which three Fulham managers also went on to manage England?Sir Bobby Robson
22%
Kevin Keegan
21%
Which Welshman is Fulham's all-time record goalscorer with 178?Gordon Davies
20%
Who is the only Fulham player to have played for the club in each of the top four divisions of English football?Sean Davis
13%

Score Distribution

Percentile by Number Answered

Percent of People with Each Score

Your Score History

You have not taken this quiz